| 000 | 00899cam a22003015a 4500 | ||
|---|---|---|---|
| 001 | 17796968 | ||
| 005 | 20201128023617.0 | ||
| 008 | 130628t2015 ctua frbd 001 0 eng d | ||
| 010 | _a 2013944150 | ||
| 020 | _a9781285465593 | ||
| 020 | _a1285465598 | ||
| 040 |
_aDLC _beng _cDLC _dEG-ScBUE |
||
| 082 | 0 | 4 |
_a320 _bGRI _222 |
| 100 | 1 |
_aGrigsby, Ellen. _938700 |
|
| 245 | 1 | 0 |
_aAnalyzing politics : _ban introduction to political science / _cEllen Grigsby. |
| 250 | _a6th ed. | ||
| 260 |
_a[Stamford] : _bCengage Learning, _cc.2015. |
||
| 300 |
_axi, 372 p. : _bill. ; _c23 cm. |
||
| 490 | 0 | _aCengage advantage books | |
| 500 | _aIndex : p. 364-372. | ||
| 500 | _aGlossary : p. 358-363.. | ||
| 504 | _aBibliography : p. 309-357. | ||
| 650 | 0 |
_aPolitical science. _2BUEsh _91313 |
|
| 651 | _2BUEsh | ||
| 653 |
_bBUSBOL _cNovember2015 |
||
| 655 |
_vText book _933728 |
||
| 942 |
_2ddc _k320 GRI |
||
| 999 |
_c21011 _d20983 |
||